000
00311nam a22001337a 4500
008
190223b xxu||||| |||| 00| 0 eng d
020
_a
9780195123777
041
_a
eng
080
_2
4th
_a
371
100
_a
25
101
_a
EDU
245
_a
The Writing Teacher's Sourcebook
_c
Corbett, E.P.J
942
_2
udc
_c
BK
999
_c
54168
_d
54168